[Event "SRB-ch Central int"]
[Site "Dimitrovgrad"]
[Date "2023.08.25"]
[Round "7"]
[White "Kamenov, Valentin"]
[Black "Sabuk, Piotr"]
[Result "0-1"]
[WhiteElo "1664"]
[BlackElo "2391"]
[PlyCount "98"]
[EventDate "2023.08.20"]
[EventType "swiss"]
[EventRounds "9"]
[EventCountry "BUL"]
[SourceTitle "CBM 215 Extra"]
[Source "ChessBase"]
[SourceDate "2023.09.30"]
[SourceVersion "1"]
[SourceVersionDate "2023.09.30"]
[SourceQuality "1"]

1. Nf3 d5 2. c4 d4 3. d3 Nc6 4. g3 e5 5. Bg2 a5 6. 0-0 Bc5 7. e4 Bg4 8. h3 Bh5 9. g4 Bg6 10. Bg5 f6 11. Bh4 Nge7 12. Bg3 Bf7 13. Nbd2 Nc8 14. Ne1 g5 15. Nc2 Nb6 16. b3 a4 17. Qe2 Qe7 18. Rfb1 0-0 19. f3 Ra7 20. Be1 Nb4 21. Nf1 Nxc2 22. Qxc2 Bb4 23. Bxb4 Qxb4 24. Nd2 Qc3 25. Rc1 Qxc2 26. Rxc2 axb3 27. Nxb3 Na4 28. Bf1 Nc3 29. Kf2 Rfa8 30. Nc1 c6 31. Ke1 b5 32. cxb5 cxb5 33. Rb2 Bxa2 34. Be2 Kf8 35. Kd2 Ke7 36. Bd1 Kd6 37. Bc2 Be6 38. Rxa7 Rxa7 39. Bb3 Bxb3 40. Rxb3 Kc5 41. Rb2 b4 42. Kc2 Kb5 43. Kb3 Na4 44. Rb1 Rc7 45. Na2 Nc5+ 46. Kc2 Nxe4+ 47. Kb2 Nf2 48. Nc1 Nd1+ 49. Kb3 Rc3+ 0-1

[Event "SRB-ch Central int"]
[Site "Dimitrovgrad"]
[Date "2023.08.22"]
[Round "4"]
[White "Kamenov, Valentin"]
[Black "Grozdanovic, Anastasia"]
[Result "1-0"]
[WhiteElo "1664"]
[BlackElo "1952"]
[PlyCount "103"]
[EventDate "2023.08.20"]
[EventType "swiss"]
[EventRounds "9"]
[EventCountry "BUL"]
[SourceTitle "CBM 215 Extra"]
[Source "ChessBase"]
[SourceDate "2023.09.30"]
[SourceVersion "1"]
[SourceVersionDate "2023.09.30"]
[SourceQuality "1"]

1. e4 c6 2. d4 d5 3. Nc3 dxe4 4. Nxe4 Bf5 5. Ng3 Bg6 6. Nf3 Nd7 7. h4 h6 8. h5 Bh7 9. Bd3 Bxd3 10. Qxd3 e6 11. Bf4 Qa5+ 12. c3 Ngf6 13. Qe2 Be7 14. a4 Nd5 15. Bd2 Qc7 16. 0-0 0-0 17. Ne4 Nf4 18. Bxf4 Qxf4 19. Rfe1 c5 20. Rad1 cxd4 21. Rxd4 Qc7 22. Red1 Rad8 23. Qb5 Nf6 24. Nxf6+ Bxf6 25. Rd7 Qc8 26. Rxd8 Bxd8 27. Rd7 Bc7 28. Qd3 Bb6 29. b4 a5 30. Ne5 axb4 31. cxb4 Qc1+ 32. Qd1 Qc3 33. Nd3 e5 34. Qf3 Qa1+ 35. Kh2 Qxa4 36. Rxb7 Bd4 37. Qd5 Qd1 38. Qf3 Qc2 39. g4 Qc4 40. Qe4 Rc8 41. Kg3 Qb3 42. Qf5 Rd8 43. Qf3 e4 44. Qxe4 Bf6 45. Rd7 Rb8 46. Qd5 Qxd5 47. Rxd5 Bc3 48. b5 Kf8 49. Kf3 Ke7 50. Ke4 Rb6 51. Nf4 Be1 52. Rd1 1-0

[Event "EU-ch 23rd"]
[Site "Vrnjacka Banja"]
[Date "2023.03.12"]
[Round "10"]
[White "Korkmaz, Necmettin"]
[Black "Kamenov, Valentin"]
[Result "1-0"]
[WhiteElo "2106"]
[BlackElo "1704"]
[PlyCount "63"]
[EventDate "2023.03.03"]
[EventType "swiss"]
[EventRounds "11"]
[EventCountry "SRB"]
[SourceTitle "CBM 213"]
[Source "ChessBase"]
[SourceDate "2023.04.30"]
[SourceVersion "1"]
[SourceVersionDate "2023.04.30"]
[SourceQuality "1"]

1. e4 d6 2. d4 Nf6 3. Nc3 g6 4. Be3 Bg7 5. Qd2 a6 6. 0-0-0 b5 7. f3 Nbd7 8. Kb1 Nb6 9. Bh6 0-0 10. h4 Nh5 11. Nge2 b4 12. Nd5 Nxd5 13. exd5 Bb7 14. g4 Nf6 15. c4 bxc3 16. Nxc3 Nxd5 17. Bxg7 Nxc3+ 18. Qxc3 Kxg7 19. d5+ f6 20. g5 Qd7 21. Bh3 Qb5 22. Rhe1 Rae8 23. Be6 c5 24. Re4 a5 25. a4 Qb6 26. h5 Qc7 27. f4 Bc8 28. f5 gxf5 29. Rg1 Kh8 30. g6 hxg6 31. hxg6 Bxe6 32. Qh3+ 1-0

[Event "Paracin op 01"]
[Site "Paracin"]
[Date "2022.01.17"]
[Round "1"]
[White "Varlan, Hervig Ioan"]
[Black "Kamenov, Valentin"]
[Result "1-0"]
[WhiteElo "2096"]
[BlackElo "1707"]
[PlyCount "105"]
[EventDate "2022.01.17"]
[EventType "swiss"]
[EventRounds "9"]
[EventCountry "SRB"]
[SourceTitle "CBM 206 Extra"]
[Source "ChessBase"]
[SourceDate "2022.03.31"]
[SourceVersion "1"]
[SourceVersionDate "2022.03.31"]
[SourceQuality "1"]

1. d4 Nf6 2. c4 d6 3. Nc3 g6 4. e4 Bg7 5. f3 0-0 6. Be3 Nc6 7. Qd2 e5 8. d5 Ne7 9. Bd3 Ne8 10. 0-0-0 f5 11. Kb1 Nf6 12. Nge2 f4 13. Bf2 g5 14. c5 g4 15. Rc1 gxf3 16. gxf3 Bh3 17. Rhg1 a6 18. Na4 Ng6 19. Qb4 Nh5 20. Nec3 Nh4 21. Be2 Rb8 22. cxd6 cxd6 23. Bb6 Qe7 24. b3 Rf6 25. Nd1 Rc8 26. Nf2 Rxc1+ 27. Rxc1 Bg2 28. Rc7 Qe8 29. Qc3 Qg6 30. Rxb7 Ng3 31. Bd1 Nf1 32. Bd8 Bxf3 33. Bxf6 Qxf6 34. Bxf3 Nxf3 35. Qc8+ Qf8 36. Qe6+ Kh8 37. Rf7 Qg8 38. Rc7 Nd4 39. Qh3 Ne3 40. Kb2 h6 41. Nc3 Kh7 42. Ncd1 Nxd1+ 43. Nxd1 Qe8 44. Qg4 Qg6 45. Qxg6+ Kxg6 46. Rc6 Bf8 47. Rxa6 f3 48. a4 Kg5 49. Ra7 h5 50. Rf7 Bh6 51. b4 Kg6 52. Rd7 Kg5 53. b5 1-0

[Event "Belgrade Trophy 35th"]
[Site "Belgrade"]
[Date "2021.11.30"]
[Round "7"]
[White "Kamenov, Valentin"]
[Black "Radojicic, Aleksandar M"]
[Result "0-1"]
[WhiteElo "1675"]
[BlackElo "2016"]
[PlyCount "76"]
[EventDate "2021.11.24"]
[EventType "swiss"]
[EventRounds "9"]
[EventCountry "SRB"]
[SourceTitle "CBM 205 Extra"]
[Source "ChessBase"]
[SourceDate "2022.01.31"]
[SourceVersion "1"]
[SourceVersionDate "2022.01.31"]
[SourceQuality "1"]

1. e4 c5 2. Nf3 e6 3. Nc3 a6 4. a4 Nc6 5. g3 g6 6. Bg2 Bg7 7. 0-0 d6 8. d3 Nge7 9. Be3 Nd4 10. Qd2 Nec6 11. Bh6 Nxf3+ 12. Bxf3 Nd4 13. Bd1 0-0 14. Bxg7 Kxg7 15. f4 Bd7 16. h4 Bc6 17. Ne2 Nxe2+ 18. Bxe2 d5 19. Qc3+ Qf6 20. Qxf6+ Kxf6 21. e5+ Ke7 22. a5 Rfd8 23. Bf3 Rac8 24. Kf2 Bb5 25. h5 c4 26. dxc4 Rxc4 27. c3 d4 28. cxd4 Rc2+ 29. Ke3 Bxf1 30. Rxf1 Rxb2 31. hxg6 hxg6 32. d5 exd5 33. Rc1 d4+ 34. Ke4 Rb3 35. Re1 d3 36. g4 d2 37. Rd1 Rc3 38. Rh1 Rxf3 0-1

[Event "Belgrade Trophy 35th"]
[Site "Belgrade"]
[Date "2021.11.28"]
[Round "5"]
[White "Kamenov, Valentin"]
[Black "Simic, Goran N"]
[Result "0-1"]
[WhiteElo "1675"]
[BlackElo "1973"]
[PlyCount "114"]
[EventDate "2021.11.24"]
[EventType "swiss"]
[EventRounds "9"]
[EventCountry "SRB"]
[SourceTitle "CBM 205 Extra"]
[Source "ChessBase"]
[SourceDate "2022.01.31"]
[SourceVersion "1"]
[SourceVersionDate "2022.01.31"]
[SourceQuality "1"]

1. e4 c5 2. Nf3 d6 3. d4 cxd4 4. Nxd4 Nf6 5. Nc3 a6 6. Be2 e5 7. Nf3 h6 8. 0-0 Be6 9. b3 Qc7 10. Bb2 Nbd7 11. Re1 Be7 12. Nd5 Bxd5 13. exd5 0-0 14. c4 b6 15. Rc1 a5 16. Bf1 Rfe8 17. Rc3 Bf8 18. Nh4 g6 19. Rh3 Bg7 20. Bc1 Nf8 21. Nf3 h5 22. Ng5 N8h7 23. Nxh7 Nxh7 24. g4 Nf6 25. gxh5 Nxh5 26. Rxh5 gxh5 27. Qxh5 e4 28. Bh3 Re5 29. Bf5 e3 30. fxe3 Rae8 31. e4 Kf8 32. Kh1 Qc5 33. Be3 Qb4 34. Rg1 Rxf5 35. Qxf5 Qc3 36. Rf1 Re7 37. Bxb6 Qc2 38. Bd8 Ra7 39. Rf2 Qd1+ 40. Kg2 Kg8 41. h3 Qd3 42. Bb6 Re7 43. Bxa5 Bd4 44. Qg4+ Kf8 45. Rd2 Qe3 46. Qe2 Qg1+ 47. Kf3 f5 48. Rxd4 Qxd4 49. Bb4 fxe4+ 50. Kg3 Rg7+ 51. Kf4 e3+ 52. Kf3 Rf7+ 53. Kg3 Qe5+ 54. Kg2 Rf2+ 55. Qxf2+ exf2 56. Kxf2 Ke7 57. Bd2 Qb2 0-1

[Event "Belgrade Trophy 35th"]
[Site "Belgrade"]
[Date "2021.11.27"]
[Round "4"]
[White "Vranes, Nikola"]
[Black "Kamenov, Valentin"]
[Result "0-1"]
[WhiteElo "1978"]
[BlackElo "1675"]
[PlyCount "98"]
[EventDate "2021.11.24"]
[EventType "swiss"]
[EventRounds "9"]
[EventCountry "SRB"]
[SourceTitle "CBM 205 Extra"]
[Source "ChessBase"]
[SourceDate "2022.01.31"]
[SourceVersion "1"]
[SourceVersionDate "2022.01.31"]
[SourceQuality "1"]

1. e4 d6 2. d4 Nf6 3. f3 g6 4. c4 Bg7 5. Nc3 0-0 6. Be3 Nc6 7. Qd2 e5 8. d5 Nb8 9. Bd3 a5 10. Nge2 Na6 11. g4 Nc5 12. h4 h5 13. gxh5 Nxh5 14. 0-0-0 Nd7 15. Rdg1 Ndf6 16. Ng3 Kh7 17. Nce2 Rh8 18. f4 Ng4 19. Nxh5 gxh5 20. Ng3 Kg8 21. Kb1 Nxe3 22. Qxe3 Bg4 23. Nf5 exf4 24. Qxf4 Be5 25. Qd2 Kf8 26. Rf1 a4 27. Be2 a3 28. b3 Rh7 29. Bxg4 hxg4 30. Qg5 Qxg5 31. hxg5 Rh3 32. Rxh3 gxh3 33. Rf3 h2 34. Rh3 Ke8 35. Ne3 Ke7 36. Ng4 Bf4 37. Nxh2 Bxg5 38. Kc2 Bf4 39. Rh4 Bg3 40. Rh3 Rg8 41. Nf3 Bf4 42. Nh4 Kf6 43. Rf3 Ke5 44. Kd3 Rg1 45. Nf5 Rd1+ 46. Kc2 Rd2+ 47. Kc3 Rxa2 48. Nd4 Kxe4 49. b4 Rb2 0-1

[Event "Primorsko op"]
[Site "Primorsko"]
[Date "2021.09.19"]
[Round "7"]
[White "Trendafilov, Simeon"]
[Black "Kamenov, Valentin"]
[Result "1-0"]
[WhiteElo "1579"]
[BlackElo "1753"]
[PlyCount "39"]
[EventDate "2021.09.13"]
[EventType "swiss"]
[EventRounds "9"]
[EventCountry "BUL"]
[SourceTitle "CBM 204 Extra"]
[Source "ChessBase"]
[SourceDate "2021.11.30"]
[SourceVersion "1"]
[SourceVersionDate "2021.11.30"]
[SourceQuality "1"]

1. e4 d6 2. d4 Nf6 3. Nc3 g6 4. Be3 Bg7 5. Qd2 Ng4 6. Bg5 h6 7. Bh4 g5 8. Bg3 e5 9. Nf3 exd4 10. Nxd4 Nc6 11. Nb3 0-0 12. h4 Be6 13. hxg5 hxg5 14. 0-0-0 a5 15. a4 Nce5 16. f3 Nf6 17. Nd4 Nfd7 18. Bf2 Bc4 19. Be2 c5 20. Nf5 1-0

[Event "Primorsko op"]
[Site "Primorsko"]
[Date "2020.09.15"]
[Round "2"]
[White "Georgiev, Krum"]
[Black "Kamenov, Valentin"]
[Result "1-0"]
[WhiteElo "2322"]
[BlackElo "1787"]
[PlyCount "89"]
[EventDate "2020.09.14"]
[EventType "swiss"]
[EventRounds "9"]
[EventCountry "BUL"]
[SourceTitle "CBM 198 Extra"]
[Source "ChessBase"]
[SourceDate "2020.11.30"]
[SourceVersion "1"]
[SourceVersionDate "2020.11.30"]
[SourceQuality "1"]

1. e4 d6 2. d4 Nf6 3. Nc3 g6 4. Be3 Bg7 5. f3 0-0 6. h4 h5 7. Qd2 Nc6 8. 0-0-0 e5 9. Nge2 exd4 10. Nxd4 Nxd4 11. Bxd4 Be6 12. Qg5 Kh7 13. Kb1 a6 14. g4 Rh8 15. e5 Nd5 16. exd6 Qxg5 17. hxg5 Bxd4 18. Rxd4 Nxc3+ 19. bxc3 c5 20. Rf4 Kg7 21. gxh5 gxh5 22. Bh3 Bxh3 23. Rxh3 Rad8 24. Rf6 Rd7 25. f4 Rhd8 26. Rd3 h4 27. a4 c4 28. Rd2 h3 29. Kb2 Rh8 30. Rh2 Rhd8 31. Rxh3 Rxd6 32. Rhh6 Rxf6 33. Rxf6 Rd5 34. Ka3 a5 35. Rb6 Rf5 36. Rxb7 Rxf4 37. Rb5 Kg6 38. Rxa5 Rg4 39. Kb4 Kh5 40. Rc5 Rg2 41. Kxc4 Rxc2 42. Kb3 Rc1 43. Kb2 Re1 44. a5 Re6 45. Kb3 1-0

[Event "Plovdiv Tringov Memorial 42nd"]
[Site "Plovdiv"]
[Date "2020.07.12"]
[Round "1"]
[White "Tilicheev, Viacheslav"]
[Black "Kamenov, Valentin"]
[Result "1-0"]
[WhiteElo "2502"]
[BlackElo "1752"]
[PlyCount "61"]
[EventDate "2020.07.12"]
[EventType "swiss"]
[EventRounds "9"]
[EventCountry "BUL"]
[SourceTitle "EXT 2022"]
[Source "ChessBase"]
[SourceDate "2021.10.06"]
[SourceVersion "1"]
[SourceVersionDate "2021.10.06"]
[SourceQuality "1"]

1. e4 d6 2. d4 Nf6 3. Nc3 g6 4. f4 Bg7 5. Nf3 0-0 6. e5 dxe5 7. fxe5 Nd5 8. Bc4 Nb6 9. Bb3 Bg4 10. a4 a5 11. Be3 Nc6 12. 0-0 Nb4 13. h3 Bxf3 14. Qxf3 e6 15. Ne4 h6 16. Rad1 N4d5 17. Bc1 Kh7 18. Nf6+ Nxf6 19. exf6 Bh8 20. Qf4 Kg8 21. Bxe6 Qd6 22. Bb3 Qxf4 23. Bxf4 Bxf6 24. Bxc7 Nd7 25. Bd6 Rfe8 26. Be5 Kg7 27. Bf4 Re4 28. c3 g5 29. Be5 Nxe5 30. dxe5 Rxe5 31. Rd6 1-0

[Event "Belgrade ChessAmateur op 5th"]
[Site "Belgrade"]
[Date "2019.01.07"]
[Round "6"]
[White "Kamenov, Valentin"]
[Black "Battamir, Enkhbold"]
[Result "1-0"]
[WhiteElo "1833"]
[BlackElo "1203"]
[PlyCount "65"]
[EventDate "2019.01.04"]
[EventType "swiss"]
[EventRounds "9"]
[EventCountry "SRB"]
[SourceTitle "CBM 188 Extra"]
[Source "ChessBase"]
[SourceDate "2019.02.26"]
[SourceVersion "1"]
[SourceVersionDate "2019.02.26"]
[SourceQuality "1"]

1. e4 e5 2. Nf3 Nc6 3. Bc4 Bc5 4. 0-0 Nf6 5. d3 h6 6. c3 0-0 7. d4 Bd6 8. Re1 Re8 9. Nbd2 Bf8 10. dxe5 Nxe5 11. Nxe5 Rxe5 12. f4 Re8 13. e5 Nh7 14. Nf3 Bc5+ 15. Kh1 c6 16. Qb3 Qe7 17. Bd2 b5 18. Bd3 Bb7 19. Qc2 Nf8 20. b4 Bb6 21. a4 bxa4 22. Rxa4 c5 23. Be4 Bxe4 24. Qxe4 cxb4 25. Rxb4 Bc5 26. Ra4 Rab8 27. f5 Rb6 28. Qg4 Qd8 29. f6 g6 30. Bxh6 Nh7 31. Bg7 Ree6 32. Qh4 Bb4 33. Ng5 1-0

[Event "Teteven op 32nd"]
[Site "Teteven"]
[Date "2018.08.19"]
[Round "9"]
[White "Milanov, Milan1111"]
[Black "Kamenov, Valentin"]
[Result "0-1"]
[WhiteElo "1592"]
[BlackElo "1850"]
[PlyCount "62"]
[EventDate "2018.08.11"]
[EventType "swiss"]
[EventRounds "9"]
[EventCountry "BUL"]
[SourceTitle "CBM 186 Extra"]
[Source "ChessBase"]
[SourceDate "2018.08.24"]
[SourceVersion "1"]
[SourceVersionDate "2018.08.24"]
[SourceQuality "1"]

1. e4 d6 2. Nc3 g6 3. d4 Bg7 4. Nf3 Nf6 5. Be2 0-0 6. h3 c5 7. 0-0 cxd4 8. Nxd4 a6 9. Be3 e5 10. Nf3 b5 11. Nd2 Nc6 12. Bg5 Be6 13. Nd5 Bxd5 14. exd5 Nd4 15. Bd3 h6 16. Bh4 Qd7 17. Bxf6 Bxf6 18. f4 exf4 19. c3 Nf5 20. Rxf4 Qa7+ 21. Kh2 Be5 22. Qf3 Nh4 23. Qg4 g5 24. g3 Bxf4 25. gxf4 Qf2+ 26. Kh1 Qxd2 27. fxg5 Qxd3 28. Qxh4 Qxd5+ 29. Kh2 Rae8 30. gxh6 Re2+ 31. Kg1 Qg2# 0-1

[Event "Teteven op 32nd"]
[Site "Teteven"]
[Date "2018.08.18"]
[Round "8"]
[White "Kamenov, Valentin"]
[Black "Varbanov, Angel"]
[Result "1-0"]
[WhiteElo "1850"]
[BlackElo "1709"]
[PlyCount "41"]
[EventDate "2018.08.11"]
[EventType "swiss"]
[EventRounds "9"]
[EventCountry "BUL"]
[SourceTitle "CBM 186 Extra"]
[Source "ChessBase"]
[SourceDate "2018.08.24"]
[SourceVersion "1"]
[SourceVersionDate "2018.08.24"]
[SourceQuality "1"]

1. e4 c5 2. Nf3 e6 3. d4 cxd4 4. Nxd4 Nf6 5. Bd3 d5 6. e5 Nfd7 7. Qe2 Nc6 8. Nxc6 bxc6 9. 0-0 Nc5 10. Nc3 Nxd3 11. Qxd3 a5 12. Qg3 h6 13. Re1 g6 14. Nd1 Bg7 15. Ne3 0-0 16. Ng4 Kh7 17. Qf3 f5 18. exf6 Bxf6 19. Bxh6 Bg7 20. Qh3 e5 21. Bg5+ 1-0

[Event "Teteven op 32nd"]
[Site "Teteven"]
[Date "2018.08.11"]
[Round "1"]
[White "Kononenko, Vladimir"]
[Black "Kamenov, Valentin"]
[Result "1-0"]
[WhiteElo "1251"]
[BlackElo "1850"]
[PlyCount "95"]
[EventDate "2018.08.11"]
[EventType "swiss"]
[EventRounds "9"]
[EventCountry "BUL"]
[SourceTitle "CBM 186 Extra"]
[Source "ChessBase"]
[SourceDate "2018.08.24"]
[SourceVersion "1"]
[SourceVersionDate "2018.08.24"]
[SourceQuality "1"]

1. d4 Nf6 2. c4 g6 3. Nc3 Bg7 4. e4 d6 5. f4 0-0 6. Nf3 c5 7. d5 e6 8. dxe6 Bxe6 9. Bd3 Nc6 10. 0-0 Bg4 11. Be3 Re8 12. Re1 Nd4 13. Bxd4 cxd4 14. Nd5 Nxd5 15. cxd5 Qb6 16. Rb1 Rac8 17. h3 Bd7 18. e5 dxe5 19. fxe5 Bh6 20. Kh1 Be3 21. Nd2 Bb5 22. Bxb5 Qxb5 23. Ne4 Rxe5 24. Nd6 Qd7 25. Nxc8 Qxc8 26. Qb3 Rh5 27. Re2 Qd7 28. Rd1 Re5 29. a4 h5 30. Qc4 g5 31. Qb5 Qxb5 32. axb5 f5 33. d6 f4 34. Rxd4 Re8 35. Rd5 g4 36. d7 Rd8 37. hxg4 hxg4 38. g3 Kf7 39. gxf4 Bb6 40. Kg2 Bc7 41. Kg3 a6 42. Kxg4 axb5 43. Kf5 b4 44. Rc2 Bb6 45. Rc8 Ke7 46. Rxd8 Bxd8 47. Kg6 Ke6 48. Rd3 1-0

[Event "Paracin Summer op-B 11th"]
[Site "Paracin"]
[Date "2018.07.07"]
[Round "3"]
[White "Kamenov, Valentin"]
[Black "Ammar, Sedrani"]
[Result "0-1"]
[WhiteElo "1779"]
[BlackElo "1902"]
[PlyCount "78"]
[EventDate "2018.07.06"]
[EventType "swiss"]
[EventRounds "9"]
[EventCountry "SRB"]
[SourceTitle "EXT 2019"]
[Source "ChessBase"]
[SourceDate "2018.10.10"]
[SourceVersion "1"]
[SourceVersionDate "2018.10.10"]
[SourceQuality "1"]

1. e4 c6 2. d4 d5 3. Nc3 dxe4 4. Nxe4 Nf6 5. Bd3 Qxd4 6. Nf3 Qd8 7. Qe2 Nxe4 8. Qxe4 Nd7 9. Be3 Nf6 10. Qa4 e6 11. 0-0-0 Bd6 12. Bg5 h6 13. Bh4 Qc7 14. Bxf6 gxf6 15. g3 Bd7 16. Qd4 e5 17. Rhe1 Be6 18. Qc3 Bxa2 19. Bf5 Bd5 20. Nd2 a5 21. Ne4 Be7 22. Rxd5 Bb4 23. Nxf6+ Kf8 24. Qxe5 Qxe5 25. Rdxe5 Bxe1 26. Rxe1 h5 27. h4 Kg7 28. Nd7 Rhe8 29. Rxe8 Rxe8 30. Kd2 f6 31. f3 Kf7 32. g4 Ke7 33. g5 fxg5 34. hxg5 Rd8 35. Ke3 Rxd7 36. Bh3 Rd1 37. Kf4 a4 38. Bc8 b5 39. Ke5 b4 0-1

[Event "Sofia MGU op 197th"]
[Site "Sofia"]
[Date "2017.11.26"]
[Round "4"]
[White "Andreev, Dobrotich"]
[Black "Kamenov, Valentin"]
[Result "1-0"]
[WhiteElo "1829"]
[BlackElo "1773"]
[PlyCount "45"]
[EventDate "2017.11.25"]
[EventType "swiss"]
[EventRounds "6"]
[EventCountry "BUL"]
[SourceTitle "CBM 181 Extra"]
[Source "ChessBase"]
[SourceDate "2017.12.12"]
[SourceVersion "1"]
[SourceVersionDate "2017.12.12"]
[SourceQuality "1"]

1. e4 Nf6 2. e5 Nd5 3. d4 d6 4. f4 g6 5. Nf3 Bg7 6. c3 Nc6 7. Bd3 0-0 8. 0-0 Nb6 9. Nbd2 f6 10. Nh4 dxe5 11. Nxg6 hxg6 12. Bxg6 f5 13. Qh5 Rf6 14. fxe5 Rxg6 15. Qxg6 e6 16. Nf3 Bd7 17. Ng5 Qe8 18. Qh7+ Kf8 19. Rf3 Ne7 20. Rg3 Qg6 21. Nxe6+ Qxe6 22. Qxg7+ Ke8 23. Qh8+ 1-0

[Event "Sofia MGU op 179th"]
[Site "Sofia"]
[Date "2017.01.14"]
[Round "1"]
[White "Stefanov, Georgi"]
[Black "Kamenov, Valentin"]
[Result "0-1"]
[WhiteElo "1262"]
[BlackElo "1809"]
[PlyCount "56"]
[EventDate "2017.01.14"]
[EventType "swiss"]
[EventRounds "6"]
[EventCountry "BUL"]
[SourceTitle "CBM 176 Extra"]
[Source "ChessBase"]
[SourceDate "2017.03.02"]
[SourceVersion "1"]
[SourceVersionDate "2017.03.02"]
[SourceQuality "1"]

1. e4 Nf6 2. e5 Nd5 3. d4 d6 4. exd6 exd6 5. Nf3 Be7 6. Be2 0-0 7. 0-0 Nc6 8. c4 Nb6 9. Nc3 Bf6 10. Be3 Na5 11. Ne4 Naxc4 12. Nxf6+ Qxf6 13. Bg5 Qg6 14. Qb3 Be6 15. Bd3 Qh5 16. Qc2 Bd5 17. Be4 Bxe4 18. Qxe4 d5 19. Qc2 c6 20. b3 Na3 21. Qd2 Rfe8 22. Rfe1 f6 23. Bf4 Re4 24. Rxe4 dxe4 25. Ne1 Nd5 26. f3 Re8 27. Be3 exf3 28. Nxf3 Rxe3 0-1

[Event "Albena op-A"]
[Site "Albena"]
[Date "2016.06.22"]
[Round "5"]
[White "Galunova, Tsveta"]
[Black "Kamenov, Valentin"]
[Result "1-0"]
[WhiteElo "2152"]
[BlackElo "1829"]
[PlyCount "81"]
[EventDate "2016.06.18"]
[EventType "swiss"]
[EventRounds "9"]
[EventCountry "BUL"]
[SourceTitle "CBM 173 Extra"]
[Source "ChessBase"]
[SourceDate "2016.08.29"]
[SourceVersion "1"]
[SourceVersionDate "2016.08.29"]
[SourceQuality "1"]

1. d4 Nf6 2. c4 d6 3. Nc3 g6 4. e4 Bg7 5. f3 Nc6 6. Nge2 e5 7. d5 Ne7 8. Be3 0-0 9. g4 Ne8 10. Qd2 f5 11. gxf5 gxf5 12. 0-0-0 f4 13. Bf2 Nf6 14. Ng1 Ng6 15. Kb1 Nh5 16. c5 Bf6 17. Rc1 Bh4 18. cxd6 cxd6 19. Nb5 Bxf2 20. Qxf2 a6 21. Na3 b5 22. Nc2 Bd7 23. Nb4 Rf7 24. Bh3 Bxh3 25. Nxh3 h6 26. Rc2 Qd7 27. Qg2 Rg7 28. Rhc1 Ra7 29. Nf2 Nh4 30. Qh1 Rg2 31. Ng4 Rxc2 32. Rxc2 Kh7 33. Qf1 Qg7 34. Rc6 a5 35. Rxd6 axb4 36. Rxh6+ Qxh6 37. Nxh6 Kxh6 38. Qf2 Nxf3 39. Qxa7 Nd4 40. Qb6+ Kh7 41. Qc7+ 1-0

[Event "Primorsko Dyuni op 1st"]
[Site "Primorsko"]
[Date "2016.05.23"]
[Round "5"]
[White "Kamenov, Valentin"]
[Black "Soilemetzidis, Konstantinos"]
[Result "0-1"]
[WhiteElo "1819"]
[BlackElo "2000"]
[PlyCount "92"]
[EventDate "2016.05.21"]
[EventType "swiss"]
[EventRounds "7"]
[EventCountry "BUL"]
[SourceTitle "CBM 172 Extra"]
[Source "ChessBase"]
[SourceDate "2016.06.21"]
[SourceVersion "1"]
[SourceVersionDate "2016.06.21"]
[SourceQuality "1"]

1. e4 g6 2. d4 Bg7 3. Nf3 c6 4. Bd3 d5 5. exd5 cxd5 6. h3 Nc6 7. c3 Nf6 8. Nbd2 0-0 9. 0-0 Bf5 10. Bxf5 gxf5 11. Re1 Ne4 12. Nf1 Qc7 13. N3h2 e6 14. Qh5 Ne7 15. Bh6 Bxh6 16. Qxh6 Ng6 17. f3 Ng3 18. Nxg3 Qxg3 19. Nf1 Qf4 20. Qxf4 Nxf4 21. Rad1 Rfc8 22. Kh2 a5 23. g4 fxg4 24. hxg4 b5 25. Kg3 Ng6 26. a3 b4 27. axb4 axb4 28. Re3 Ra2 29. Rd2 Ra1 30. Kf2 bxc3 31. Rxc3 Rxc3 32. bxc3 Rc1 33. Rd3 Nf4 34. Re3 Rc2+ 35. Kg3 Ne2+ 36. Kh4 Nxc3 37. Ng3 Nb5 38. Kg5 Nxd4 39. f4 Rb2 40. Nh5 Rb3 41. Rxb3 Nxb3 42. Nf6+ Kg7 43. Nh5+ Kf8 44. f5 d4 45. fxe6 d3 46. Ng3 d2 0-1

[Event "Primorsko Dyuni op 1st"]
[Site "Primorsko"]
[Date "2016.05.21"]
[Round "1"]
[White "Kamenov, Valentin"]
[Black "Karova, Peya"]
[Result "1-0"]
[WhiteElo "1819"]
[BlackElo "1286"]
[PlyCount "59"]
[EventDate "2016.05.21"]
[EventType "swiss"]
[EventRounds "7"]
[EventCountry "BUL"]
[SourceTitle "CBM 172 Extra"]
[Source "ChessBase"]
[SourceDate "2016.06.21"]
[SourceVersion "1"]
[SourceVersionDate "2016.06.21"]
[SourceQuality "1"]

1. e4 d5 2. exd5 Qxd5 3. Nc3 Qa5 4. d4 Nf6 5. Nf3 Bg4 6. Be2 Nbd7 7. 0-0 0-0-0 8. Ng5 Be6 9. Nxe6 fxe6 10. Bf3 c6 11. Qe2 e5 12. dxe5 Qxe5 13. Be3 Qb8 14. g3 e5 15. Ne4 h6 16. Rad1 Be7 17. Qc4 Nxe4 18. Bxe4 Rhf8 19. Qe6 Bf6 20. f4 Rfe8 21. Qh3 exf4 22. Bxf4 Be5 23. Bf5 Re7 24. Bxd7+ Rexd7 25. Rxd7 Rxd7 26. Rd1 Qc7 27. Bxe5 Qd8 28. Qxd7+ Qxd7 29. Rxd7 Kxd7 30. Bxg7 1-0

[Event "Sofia MGU op 159th"]
[Site "Sofia"]
[Date "2016.01.02"]
[Round "1"]
[White "Kamenov, Valentin"]
[Black "Mladenov, Andrey"]
[Result "1-0"]
[WhiteElo "1874"]
[BlackElo "1541"]
[PlyCount "39"]
[EventDate "2016.01.02"]
[EventType "swiss"]
[EventRounds "6"]
[EventCountry "BUL"]
[SourceTitle "CBM 170 Extra"]
[Source "ChessBase"]
[SourceDate "2016.02.25"]
[SourceVersion "1"]
[SourceVersionDate "2016.02.25"]
[SourceQuality "1"]

1. e4 c5 2. Nf3 Nc6 3. d4 cxd4 4. Nxd4 Nf6 5. Nc3 e5 6. Ndb5 d6 7. Bg5 a6 8. Bxf6 gxf6 9. Na3 b5 10. Nd5 f5 11. exf5 Bxf5 12. c3 Bg7 13. Qf3 Bd7 14. Bd3 0-0 15. Ne3 b4 16. cxb4 Nxb4 17. Be4 Rb8 18. Nac4 Bb5 19. Qf5 Re8 20. Qxh7+ 1-0

[Event "Sofia MGU op 159th"]
[Site "Sofia"]
[Date "2016.01.02"]
[Round "2"]
[White "Orev, Petar"]
[Black "Kamenov, Valentin"]
[Result "0-1"]
[WhiteElo "2024"]
[BlackElo "1874"]
[PlyCount "68"]
[EventDate "2016.01.02"]
[EventType "swiss"]
[EventRounds "6"]
[EventCountry "BUL"]
[SourceTitle "CBM 170 Extra"]
[Source "ChessBase"]
[SourceDate "2016.02.25"]
[SourceVersion "1"]
[SourceVersionDate "2016.02.25"]
[SourceQuality "1"]

1. e4 d6 2. d4 Nf6 3. Nc3 g6 4. Be3 Bg7 5. Be2 0-0 6. Qd2 Nbd7 7. Bh6 e5 8. d5 Nc5 9. Bf3 Bg4 10. Bxg7 Kxg7 11. Bxg4 Nxg4 12. f3 Nh6 13. h4 f5 14. h5 f4 15. hxg6 hxg6 16. Nge2 Nf7 17. 0-0-0 Ng5 18. b4 Nd7 19. Kb2 Nb6 20. Qd3 a5 21. b5 Qf6 22. Rdf1 Rh8 23. Nd1 Kf7 24. Nf2 Rxh1 25. Rxh1 Rh8 26. Ng4 Qg7 27. Rxh8 Qxh8 28. Ka3 Ke7 29. Qc3 Kd8 30. Nxf4 Qh1 31. Nd3 Qxg2 32. Ne1 Qe2 33. Nd3 Nxf3 34. Ngf2 Nd4 0-1